[Event "Heinola Suomi 100 ottelu Vierumaki"]
[Site "Heinola"]
[Date "2017.11.18"]
[Round "3"]
[White "Yachmenev, Mikhail A"]
[Black "Nivala, Tuomas"]
[Result "1-0"]
[WhiteElo "2191"]
[BlackElo "2240"]
[PlyCount "77"]
[EventDate "2017.11.17"]
[EventType "swiss"]
[EventRounds "3"]
[EventCountry "FIN"]
[SourceTitle "EXT 2022"]
[Source "ChessBase"]
[SourceDate "2021.10.06"]
[SourceVersion "1"]
[SourceVersionDate "2021.10.06"]
[SourceQuality "1"]

1. e4 e6 2. d3 d5 3. Qe2 Be7 4. Nf3 Nf6 5. g3 dxe4 6. dxe4 Nc6 7. e5 Nd5 8. Bg2 0-0 9. 0-0 a5 10. c4 Ndb4 11. Rd1 Qe8 12. Nc3 Na6 13. h4 h6 14. Bf4 b6 15. Nh2 Bb7 16. Ne4 Nc5 17. Ng4 Nxe4 18. Bxe4 h5 19. Nf6+ gxf6 20. exf6 Nd4 21. Rxd4 Bxf6 22. Qxh5 Bxe4 23. Rxe4 Bg7 24. Rae1 f5 25. Qxe8 Raxe8 26. Rxe6 Rxe6 27. Rxe6 Bxb2 28. Bxc7 Rc8 29. Rxb6 Rxc7 30. Rxb2 Rxc4 31. Rb5 Ra4 32. Rxf5 Rxa2 33. Kg2 a4 34. Ra5 a3 35. Ra7 Ra1 36. h5 a2 37. g4 Kf8 38. Kf3 Kg8 39. Kf4 1-0

[Event "EU-ch Seniors 50 16th"]
[Site "Yerevan"]
[Date "2016.06.12"]
[Round "8"]
[White "Yachmenev, Mikhail A"]
[Black "Khachatrian, Garik"]
[Result "1/2-1/2"]
[WhiteElo "2164"]
[BlackElo "2101"]
[PlyCount "77"]
[EventDate "2016.06.05"]
[EventType "swiss"]
[EventRounds "9"]
[EventCountry "ARM"]
[SourceTitle "CBM 172 Extra"]
[Source "ChessBase"]
[SourceDate "2016.06.21"]
[SourceVersion "1"]
[SourceVersionDate "2016.06.21"]
[SourceQuality "1"]

1. e4 c6 2. Nc3 d5 3. Nf3 dxe4 4. Nxe4 Nd7 5. d4 Ngf6 6. Ng3 e6 7. Bd3 Be7 8. 0-0 0-0 9. c4 b6 10. b3 Bb7 11. Bb2 Re8 12. Qe2 c5 13. Rad1 Qc7 14. Bc2 cxd4 15. Nxd4 Rad8 16. Kh1 a6 17. a3 Nf8 18. Rfe1 Bd6 19. Nf1 Ng6 20. f3 Nh5 21. Qe3 Qe7 22. Ne2 Bc5 23. Bd4 Bxd4 24. Rxd4 Qc7 25. Red1 Nf6 26. Qd2 Rxd4 27. Qxd4 Nf8 28. Nc3 Rc8 29. Ne3 b5 30. Ne2 bxc4 31. Nxc4 Bd5 32. Ne3 Qc5 33. Qxc5 Rxc5 34. b4 Rc8 35. Bd3 Bb7 36. Nc4 Rc7 37. Nd6 Bd5 38. Rc1 Rd7 39. Ne4 1/2-1/2

[Event "Heart of Finland op 24th"]
[Site "Jyvaskyla"]
[Date "2014.07.09"]
[Round "4"]
[White "Sorvari, Jarmo"]
[Black "Yachmenev, Mikhail A"]
[Result "1/2-1/2"]
[WhiteElo "2009"]
[BlackElo "2191"]
[PlyCount "33"]
[EventDate "2014.07.07"]
[EventType "swiss"]
[EventRounds "9"]
[EventCountry "FIN"]
[SourceTitle "EXT 2019"]
[Source "ChessBase"]
[SourceDate "2018.10.10"]
[SourceVersion "1"]
[SourceVersionDate "2018.10.10"]
[SourceQuality "1"]

1. d4 Nf6 2. Nf3 e6 3. Bg5 c5 4. e3 b6 5. c3 Bb7 6. Bd3 Be7 7. Nbd2 d5 8. 0-0 0-0 9. Ne5 Ne8 10. Bxe7 Qxe7 11. f4 Nc6 12. Qh5 g6 13. Qh6 f6 14. Nxc6 Bxc6 15. Nf3 Nd6 16. Rae1 Rae8 17. Qh4 1/2-1/2

[Event "Karelia-ch"]
[Site "Petrozavodsk"]
[Date "2014.02.21"]
[Round "5"]
[White "Yachmenev, Mikhail A"]
[Black "Radkov, Bazhen D"]
[Result "1-0"]
[WhiteElo "2191"]
[BlackElo "2036"]
[PlyCount "79"]
[EventDate "2014.02.18"]
[EventType "swiss"]
[EventRounds "9"]
[EventCountry "RUS"]
[SourceTitle "EXT 2016"]
[Source "ChessBase"]
[SourceDate "2015.10.08"]
[SourceVersion "1"]
[SourceVersionDate "2015.10.08"]
[SourceQuality "1"]

1. e4 e6 2. d3 d5 3. Qe2 c5 4. Nf3 Nc6 5. g3 Nf6 6. Bg2 Be7 7. 0-0 0-0 8. e5 Ne8 9. Re1 Nc7 10. c3 b5 11. h4 a5 12. Bg5 Ba6 13. Nbd2 h6 14. Bxe7 Qxe7 15. Qe3 a4 16. d4 cxd4 17. Nxd4 Nxd4 18. Qxd4 Rab8 19. a3 Na8 20. Qb4 Qc7 21. Nf3 Nb6 22. Qg4 Nd7 23. Rad1 Rfe8 24. Bh3 Nc5 25. Nd4 b4 26. axb4 Nd3 27. b5 Nxe1 28. bxa6 a3 29. bxa3 Qxc3 30. Qe2 Ra8 31. Bf1 Rec8 32. Qxe1 Qxa3 33. Ra1 Qb2 34. Nb5 d4 35. a7 Rc5 36. Bg2 d3 37. Bxa8 d2 38. Qxd2 Qxa1+ 39. Kg2 Rxb5 40. Be4 1-0

[Event "Petrozavodsk"]
[Site "Petrozavodsk"]
[Date "2010.10.14"]
[Round "7"]
[White "Suleymanyants, Odisey"]
[Black "Yachmenev, Mikhail A"]
[Result "1-0"]
[WhiteElo "2304"]
[BlackElo "2267"]
[PlyCount "71"]
[EventDate "2010.10.09"]
[EventType "tourn"]
[EventRounds "9"]
[EventCountry "RUS"]
[EventCategory "1"]
[SourceTitle "EXT 2011"]
[Source "ChessBase"]
[SourceDate "2010.11.26"]
[SourceVersion "1"]
[SourceVersionDate "2010.11.26"]
[SourceQuality "1"]

1. e4 c5 2. Nf3 e6 3. c3 Nf6 4. e5 Nd5 5. d4 cxd4 6. cxd4 Nc6 7. Nc3 Nxc3 8. bxc3 d6 9. exd6 Bxd6 10. Bd3 Qa5 11. Qc2 h6 12. 0-0 a6 13. a4 0-0 14. Nd2 Qh5 15. f4 Rd8 16. Nc4 Bf8 17. a5 Ne7 18. Ne5 f6 19. Bh7+ Kh8 20. Bg6 Nxg6 21. g4 Qh3 22. Rf3 Qxf3 23. Nxf3 Ne7 24. Nh4 Bd7 25. Ba3 Kg8 26. g5 hxg5 27. fxg5 fxg5 28. Nf3 Nf5 29. Nxg5 Bxa3 30. Rxa3 Rf8 31. Qe4 Rae8 32. Qxb7 Bb5 33. Qe4 Bc4 34. Ra1 Rf6 35. Re1 Rg6 36. Qxf5 1-0

[Event "Karelia-ch 63rd"]
[Site "Petrozavodsk"]
[Date "2010.02.24"]
[Round "7"]
[White "Toivonen, Alexander"]
[Black "Yachmenev, Mikhail A"]
[Result "1-0"]
[WhiteElo "2282"]
[BlackElo "2265"]
[PlyCount "69"]
[EventDate "2010.02.20"]
[EventType "swiss"]
[EventRounds "9"]
[EventCountry "RUS"]
[SourceTitle "CBM 135 Extra"]
[Source "ChessBase"]
[SourceDate "2010.05.04"]
[SourceVersion "1"]
[SourceVersionDate "2010.05.04"]
[SourceQuality "1"]

1. d4 Nf6 2. Nf3 e6 3. e3 b6 4. Bd3 Bb7 5. Nbd2 d5 6. 0-0 Be7 7. Ne5 0-0 8. f4 c5 9. c3 Nbd7 10. Qf3 g6 11. g4 Nxe5 12. dxe5 Nd7 13. g5 Bxg5 14. Qg4 Nxe5 15. fxe5 Bxe3+ 16. Kh1 f5 17. exf6 Rxf6 18. Nf3 Bxc1 19. Raxc1 Qe7 20. Ne5 Raf8 21. Kg1 Qg7 22. Qg5 h6 23. Qg3 g5 24. Ng4 Rf4 25. Qh3 d4 26. Rxf4 Rxf4 27. Rf1 dxc3 28. bxc3 Rxf1+ 29. Bxf1 Bd5 30. Bd3 Kf8 31. Bb1 h5 32. Qxh5 Qxc3 33. Qh6+ Ke8 34. Nf6+ Kd8 35. Qh8+ 1-0

[Event "Petrozavodsk Elo"]
[Site "Petrozavodsk"]
[Date "2009.10.12"]
[Round "4"]
[White "Dokutchaev, Aleksander"]
[Black "Yachmenev, Mikhail A"]
[Result "1-0"]
[WhiteElo "2410"]
[BlackElo "2276"]
[PlyCount "63"]
[EventDate "2009.01.10"]
[EventType "tourn"]
[EventRounds "9"]
[EventCountry "RUS"]
[EventCategory "2"]
[SourceTitle "EXT 2010"]
[Source "ChessBase"]
[SourceDate "2010.11.25"]
[SourceVersion "1"]
[SourceVersionDate "2010.11.25"]
[SourceQuality "1"]

1. d4 Nf6 2. Nf3 e6 3. e3 b6 4. Bd3 Bb7 5. 0-0 c5 6. c4 Be7 7. Nc3 cxd4 8. exd4 d6 9. d5 e5 10. Ng5 Nbd7 11. f4 a6 12. Nce4 b5 13. b3 Qb6+ 14. Kh1 Rc8 15. Qe2 Nxe4 16. Nxe4 f5 17. Ng3 g6 18. Be3 Qc7 19. cxb5 0-0 20. bxa6 Bxd5 21. Rac1 Qa5 22. Rxc8 Rxc8 23. Nxf5 gxf5 24. Bxf5 Bc6 25. Qh5 Qxa6 26. Qxh7+ Kf8 27. Bd3 Qxa2 28. fxe5+ Ke8 29. Qg8+ Nf8 30. exd6 Bxd6 31. Qf7+ Kd8 32. Bg5+ 1-0

[Event "Petrozavodsk Elo"]
[Site "Petrozavodsk"]
[Date "2009.10.11"]
[Round "2"]
[White "Savolainen, Lev P"]
[Black "Yachmenev, Mikhail A"]
[Result "1/2-1/2"]
[WhiteElo "2190"]
[BlackElo "2276"]
[PlyCount "69"]
[EventDate "2009.01.10"]
[EventType "tourn"]
[EventRounds "9"]
[EventCountry "RUS"]
[EventCategory "2"]
[SourceTitle "EXT 2010"]
[Source "ChessBase"]
[SourceDate "2010.11.25"]
[SourceVersion "1"]
[SourceVersionDate "2010.11.25"]
[SourceQuality "1"]

1. d4 Nf6 2. c4 e6 3. Nc3 Bb4 4. Bg5 c5 5. d5 h6 6. Bh4 Bxc3+ 7. bxc3 d6 8. Bxf6 Qxf6 9. Qc2 0-0 10. e4 Re8 11. Bd3 Qg5 12. Ne2 e5 13. 0-0 Nd7 14. Rab1 Nf6 15. f3 Rb8 16. Kh1 Bd7 17. Qc1 g6 18. Qxg5 hxg5 19. g4 Kg7 20. Kg2 Rh8 21. Rh1 Ng8 22. Ng1 Ne7 23. Nh3 f6 24. Nf2 Kf7 25. h3 Ke8 26. Rb3 Kd8 27. Rhb1 Kc7 28. Kf1 b6 29. a4 a5 30. Ra3 Rbf8 31. Rab3 Nc8 32. Ra3 Rh7 33. Ke2 Rhf7 34. Rg1 Ne7 35. Raa1 1/2-1/2

[Event "Petrozavodsk Elo"]
[Site "Petrozavodsk"]
[Date "2009.10.11"]
[Round "3"]
[White "Yachmenev, Mikhail A"]
[Black "Feoktistov, Alexey A"]
[Result "0-1"]
[WhiteElo "2276"]
[BlackElo "2415"]
[PlyCount "58"]
[EventDate "2009.01.10"]
[EventType "tourn"]
[EventRounds "9"]
[EventCountry "RUS"]
[EventCategory "2"]
[SourceTitle "EXT 2010"]
[Source "ChessBase"]
[SourceDate "2010.11.25"]
[SourceVersion "1"]
[SourceVersionDate "2010.11.25"]
[SourceQuality "1"]

1. e4 d5 2. exd5 Qxd5 3. Nc3 Qd6 4. d4 Nf6 5. Nb5 Qd8 6. Nf3 Bg4 7. Be2 e6 8. 0-0 a6 9. Nc3 h6 10. h3 Bf5 11. Bd3 Bxd3 12. Qxd3 c5 13. Ne4 Nbd7 14. Be3 Qc7 15. dxc5 Nxe4 16. Qxe4 Bxc5 17. Bf4 Qb6 18. Rad1 Rc8 19. Qa4 Qb5 20. Qxb5 axb5 21. Bd6 b4 22. Rd2 Nb6 23. Bxc5 Rxc5 24. c3 bxc3 25. bxc3 Nd5 26. Rc1 Ke7 27. Rb2 b6 28. c4 Rhc8 29. Nd2 b5 0-1

[Event "Karelia-ch 62nd"]
[Site "Petrozavodsk"]
[Date "2009.02.23"]
[Round "4"]
[White "Vakhlamov, Igor L"]
[Black "Yachmenev, Mikhail A"]
[Result "1/2-1/2"]
[WhiteElo "2127"]
[BlackElo "2275"]
[PlyCount "29"]
[EventDate "2009.02.21"]
[EventType "swiss"]
[EventRounds "9"]
[EventCountry "RUS"]
[SourceTitle "CBM 129 Extra"]
[Source "ChessBase"]
[SourceDate "2009.05.05"]
[SourceVersion "2"]
[SourceVersionDate "2009.05.20"]
[SourceQuality "1"]

1. e4 c5 2. Nf3 e6 3. d4 cxd4 4. Nxd4 a6 5. Nc3 Qc7 6. g3 b5 7. Bg2 Bb7 8. 0-0 Nf6 9. Qe2 d6 10. a4 bxa4 11. Rxa4 Be7 12. Be3 0-0 13. Rd1 Rc8 14. Nb3 Nc6 15. f4 1/2-1/2

[Event "Karelia-ch 62nd"]
[Site "Petrozavodsk"]
[Date "2009.02.21"]
[Round "1"]
[White "Cherepova, Barbara"]
[Black "Yachmenev, Mikhail A"]
[Result "0-1"]
[WhiteElo "1987"]
[BlackElo "2275"]
[PlyCount "54"]
[EventDate "2009.02.21"]
[EventType "swiss"]
[EventRounds "9"]
[EventCountry "RUS"]
[SourceTitle "CBM 129 Extra"]
[Source "ChessBase"]
[SourceDate "2009.05.05"]
[SourceVersion "2"]
[SourceVersionDate "2009.05.20"]
[SourceQuality "1"]

1. d4 Nf6 2. Nf3 e6 3. e3 b6 4. Bd3 Bb7 5. c4 d5 6. Nbd2 Be7 7. Qc2 c5 8. 0-0 Nc6 9. cxd5 exd5 10. dxc5 bxc5 11. b3 0-0 12. a3 Rc8 13. Bb2 g6 14. Rac1 Qd6 15. Rfd1 Nd7 16. Bb5 Qe6 17. Nb1 Rfd8 18. Nc3 Nde5 19. Nxe5 Nxe5 20. Ne2 d4 21. Nf4 Qg4 22. Kf1 Bg5 23. h3 Qh4 24. g3 Qh6 25. h4 Bxh4 26. e4 Bxg3 27. Ne2 Qh3+ 0-1

[Event "Petrozavodsk A1"]
[Site "Petrozavodsk"]
[Date "2008.10.11"]
[Round "5"]
[White "Nechaeva, Marina"]
[Black "Yachmenev, Mikhail A"]
[Result "1/2-1/2"]
[WhiteElo "2226"]
[BlackElo "2208"]
[PlyCount "74"]
[EventDate "2008.10.08"]
[EventType "tourn"]
[EventRounds "11"]
[EventCountry "RUS"]
[SourceTitle "EXT 2010"]
[Source "ChessBase"]
[SourceDate "2010.11.25"]
[SourceVersion "1"]
[SourceVersionDate "2010.11.25"]
[SourceQuality "1"]

1. d4 Nf6 2. c4 e6 3. Nc3 Bb4 4. Nf3 d6 5. Bg5 h6 6. Bh4 Bxc3+ 7. bxc3 Qe7 8. Nd2 e5 9. e3 Nbd7 10. Bd3 c5 11. Qe2 Rb8 12. f4 exf4 13. exf4 Qxe2+ 14. Kxe2 0-0 15. Rhe1 d5 16. f5 b6 17. Bg3 Ra8 18. cxd5 Nxd5 19. Ne4 Bb7 20. Nd6 Bc6 21. c4 Nc3+ 22. Kf1 cxd4 23. f6 Nxf6 24. h3 Nd7 25. Nf5 Nc5 26. Ne7+ Kh8 27. Nxc6 Nxd3 28. Re7 Rfe8 29. Rxe8+ Rxe8 30. Nxd4 Ne4 31. Be1 Nxe1 32. Kxe1 Nd6+ 33. Kf2 Nxc4 34. Rc1 Rc8 35. Re1 Rc7 36. Nf5 Rd7 37. Re4 Na5 1/2-1/2